NHL Hockey Stanley Cup Champions - Sprint - Statistics

General Stats
  • This quiz has been taken 1,417 times
    300 since last reset
  • The average score is 43 of 57
Answer Stats
Year Winner % Correct
2025 Panthers
94%
2024 Panthers
94%
2021 Lightning
92%
2020 Lightning
90%
2004 Lightning
90%
1993 Canadiens
86%
1986 Canadiens
86%
1979 Canadiens
86%
1978 Canadiens
86%
1977 Canadiens
86%
1976 Canadiens
86%
1973 Canadiens
86%
1971 Canadiens
86%
1969 Canadiens
86%
1968 Canadiens
86%
2014 Kings
83%
2012 Kings
83%
2015 Blackhawks
81%
2013 Blackhawks
81%
2010 Blackhawks
81%
2011 Bruins
81%
1972 Bruins
81%
1970 Bruins
81%
2017 Penguins
81%
2016 Penguins
81%
2009 Penguins
81%
1992 Penguins
81%
1991 Penguins
81%
2022 Avalanche
79%
2001 Avalanche
79%
1996 Avalanche
79%
2018 Capitals
75%
1990 Oilers
75%
1988 Oilers
75%
1987 Oilers
75%
1985 Oilers
75%
1984 Oilers
75%
2008 Red Wings
75%
2002 Red Wings
75%
1998 Red Wings
75%
1997 Red Wings
75%
2019 Blues
73%
2023 Golden Knights
73%
2007 Ducks
67%
1983 Islanders
64%
1982 Islanders
64%
1981 Islanders
64%
1980 Islanders
64%
1994 Rangers
62%
2003 Devils
61%
2000 Devils
61%
1995 Devils
61%
1999 Stars
61%
2006 Hurricanes
58%
1989 Flames
53%
1975 Flyers
49%
1974 Flyers
49%
No matching quizzes found
Score Distribution
Percent of People with Each Score
Percentile by Number Answered
Your Score History
You have not taken this quiz since the last reset